000 00355nam a2200133Ia 4500
008 100328s9999 xx 000 0 und d
082 _b58157
100 _aप्रभुदेसाई बाळकृष्ण वि.
245 _aगधर्व
260 _bमौज
630 _aगधर्व
730 _aगधर्व
942 _cBOOK
999 _c544520
_d544517